LDR 00921naa#a2200193#i#450# 001 EN\\bibl\126617 005 20260630110111.2 011 ## _a2587-6740 100 ## _a20260615b2026####ek#y0engy0150####ca 102 ## _aRU 200 1# _aExperience and prospects of using digital technologies in land management design _eJournal article 210 1# _aMoscow _cElectronic science _d2026 215 ## _a6 с. 608 ## _aJournal article _2local 675 ## _aРынок земли, недвижимости (предложение, спрос). 332.72 _aОбъединения и формы организаций предприятий в рамках экономического самоуправления. 334.78 _aПрофессии в целом. Проблема профессий. 331.54 _z 700 #1 _aSorokina _gOl'ga Anatol'evna 700 #1 _aAntropov _gDmitriy Vladimirovich 700 #1 _aPolovnikova _gEllina Edgarovna 856 4# _amshj.ru _u